[Event "XtraCon-Skakligaen"]
[Site "Denmark"]
[Date "2009.11.07"]
[Round "1.2"]
[White "Sorensen, Jan"]
[Black "Aagaard, Jacob"]
[Result "0-1"]
[WhiteElo "2423"]
[BlackElo "2538"]
[PlyCount "74"]
[EventDate "2009.11.07"]
[EventType "team-tourn"]
[EventRounds "9"]
[WhiteTeam "Aarhus/skolerne"]
[BlackTeam "Sydostfyn"]
[WhiteTeamCountry "DEN"]
[BlackTeamCountry "DEN"]

1. e4 c5 2. Nf3 d6 3. Nc3 Nf6 4. e5 dxe5 5. Nxe5 e6 6. Bb5+ Nbd7 7. d4 a6 8.
Bxd7+ Nxd7 9. Qh5 g6 10. Qf3 f5 11. Nxd7 Bxd7 12. dxc5 Bc6 13. Qg3 Kf7 14. Bf4
Bxc5 15. Rd1 Qb6 16. O-O Be7 17. Be5 Rhd8 18. Rb1 Qb4 19. Ne2 Qe4 20. Rfe1 Bh4
21. Qh3 Bxf2+ 22. Kxf2 Qxe5 23. Qxh7+ Qg7 24. Qxg7+ Kxg7 25. Nf4 Rd2+ 26. Ke3
Rd6 27. g3 g5 28. Nd3 Rh8 29. Re2 Kf6 30. Rbe1 e5 31. h4 gxh4 32. gxh4 Rxh4 33.
Rg1 f4+ 34. Kf2 e4 35. Nc5 e3+ 36. Ke1 Bf3 37. b4 Bxe2 0-1

[Event "XtraCon-Skakligaen"]
[Site "Denmark"]
[Date "2009.11.07"]
[Round "1.4"]
[White "Boe, Mads"]
[Black "Pedersen, Steffen"]
[Result "1/2-1/2"]
[WhiteElo "2326"]
[BlackElo "2428"]
[PlyCount "47"]
[EventDate "2009.11.07"]
[EventType "team-tourn"]
[EventRounds "9"]
[WhiteTeam "Aarhus/skolerne"]
[BlackTeam "Sydostfyn"]
[WhiteTeamCountry "DEN"]
[BlackTeamCountry "DEN"]

1. d4 d5 2. c3 Nf6 3. Bg5 Ne4 4. Bf4 c5 5. e3 Nc6 6. Nf3 Qb6 7. Qb3 c4 8. Qc2
Bf5 9. Qc1 h6 10. Nbd2 g5 11. Bg3 Nxg3 12. hxg3 Bg7 13. Be2 Qd8 14. b3 cxb3 15.
Nxb3 e6 16. O-O Rc8 17. Qd2 O-O 18. Rac1 Na5 19. Nxa5 Qxa5 20. c4 Qxd2 21. Nxd2
dxc4 22. Nxc4 Rfd8 23. Na5 Rxc1 24. Rxc1 1/2-1/2

[Event "XtraCon-Skakligaen"]
[Site "Denmark"]
[Date "2009.11.07"]
[Round "1.5"]
[White "Sorensen, Torben N"]
[Black "Pedersen, Finn"]
[Result "1-0"]
[WhiteElo "2423"]
[BlackElo "2334"]
[PlyCount "141"]
[EventDate "2009.11.07"]
[EventType "team-tourn"]
[EventRounds "9"]
[WhiteTeam "Sydostfyn"]
[BlackTeam "Aarhus/skolerne"]
[WhiteTeamCountry "DEN"]
[BlackTeamCountry "DEN"]

1. Nf3 d5 2. d4 c6 3. c4 Nf6 4. cxd5 cxd5 5. Nc3 Nc6 6. Bf4 Nh5 7. Bd2 g6 8. e3
Bg7 9. Be2 Nf6 10. O-O O-O 11. Rc1 e6 12. Ne1 Bd7 13. Nd3 Qb8 14. b4 Rc8 15. b5
Ne7 16. Ne5 Nf5 17. Qb3 Be8 18. Na4 Ne4 19. Rxc8 Qxc8 20. Bb4 Qc7 21. f3 Ned6
22. g4 Nh6 23. Nc3 f6 24. Bxd6 Qxd6 25. Nd3 f5 26. g5 Nf7 27. f4 h6 28. gxh6
Bxh6 29. Bf3 Rc8 30. Ne2 Bf8 31. a4 Rc4 32. Rc1 Rxc1+ 33. Nexc1 g5 34. Ne2 Qc7
35. Qc3 Qxc3 36. Nxc3 b6 37. Kf2 Kg7 38. Bh5 gxf4 39. exf4 Bd6 40. Ke3 Kh6 41.
Bxf7 Bxf7 42. Ne5 Bxe5 43. dxe5 Bh5 44. Kd2 Bf3 45. Na2 Kh5 46. Nb4 Kg4 47. Nc6
Kxf4 48. Nxa7 Kxe5 49. Nc8 Kd4 50. Nxb6 Kc5 51. Nd7+ Kd6 52. Nf6 d4 53. h4 Ke7
54. a5 Kxf6 55. a6 e5 56. b6 e4 57. b7 e3+ 58. Kd3 Be4+ 59. Ke2 f4 60. b8=Q d3+
61. Kf1 Kf5 62. Qc8+ Ke5 63. Qc7+ Kf5 64. Qd7+ Ke5 65. a7 f3 66. Qe7+ Kd4 67.
Qxe4+ Kxe4 68. a8=Q+ Kf4 69. Qb8+ Ke4 70. Qb4+ Kd5 71. Qf4 1-0

[Event "XtraCon-Skakligaen"]
[Site "Denmark"]
[Date "2009.11.07"]
[Round "1.6"]
[White "Andersen, Jackie"]
[Black "Nohr, Finn"]
[Result "1-0"]
[WhiteElo "2274"]
[BlackElo "2079"]
[PlyCount "69"]
[EventDate "2009.11.07"]
[EventType "team-tourn"]
[EventRounds "9"]
[WhiteTeam "Aarhus/skolerne"]
[BlackTeam "Sydostfyn"]
[WhiteTeamCountry "DEN"]
[BlackTeamCountry "DEN"]

1. d4 Nf6 2. Nf3 g6 3. c4 Bg7 4. Nc3 d6 5. Bg5 O-O 6. e3 Bf5 7. Bd3 Bxd3 8.
Qxd3 h6 9. Bh4 Nbd7 10. O-O g5 11. Bg3 Nh5 12. d5 c5 13. e4 a6 14. Nd1 Rb8 15.
Rb1 b5 16. Ne3 bxc4 17. Nxc4 Rb4 18. b3 Nxg3 19. hxg3 a5 20. a3 Rb7 21. a4 Qa8
22. Rfe1 Nb6 23. Ne3 Rc8 24. Nd2 Nd7 25. Nf5 Ne5 26. Qe2 Qb8 27. Qh5 Kh7 28. f4
gxf4 29. gxf4 Ng6 30. Nf3 Rxb3 31. Ng5+ Kg8 32. Nxh6+ Kf8 33. Ne6+ fxe6 34.
Qxg6 Bxh6 35. dxe6 1-0

[Event "XtraCon-Skakligaen"]
[Site "Denmark"]
[Date "2009.11.07"]
[Round "1.7"]
[White "Nielsen, Niels Peter"]
[Black "Rewitz, Poul"]
[Result "0-1"]
[WhiteElo "2184"]
[BlackElo "2298"]
[PlyCount "104"]
[EventDate "2009.11.07"]
[EventType "team-tourn"]
[EventRounds "9"]
[WhiteTeam "Sydostfyn"]
[BlackTeam "Aarhus/skolerne"]
[WhiteTeamCountry "DEN"]
[BlackTeamCountry "DEN"]

1. e4 c6 2. d4 d5 3. exd5 cxd5 4. c4 Nf6 5. Nc3 Nc6 6. Nf3 Bg4 7. cxd5 Nxd5 8.
Qb3 Bxf3 9. gxf3 e6 10. Qxb7 Nxd4 11. Bb5+ Nxb5 12. Qc6+ Ke7 13. Qxb5 Qd7 14.
Nxd5+ Qxd5 15. Bg5+ f6 16. Qxd5 exd5 17. Be3 Ke6 18. O-O-O Bb4 19. Kb1 Rhd8 20.
Rhg1 Rd7 21. Rg4 Rb8 22. Rd3 Bd6 23. b3 Rbb7 24. h3 h5 25. Ra4 Bb8 26. Ra6+ Rd6
27. Ra5 g5 28. Ra4 Rc6 29. Rad4 Rd7 30. f4 gxf4 31. Bxf4 Be5 32. Ra4 Rg7 33.
Bg3 Rgc7 34. Rd1 Rc2 35. Bxe5 fxe5 36. Ra6+ R7c6 37. Ra5 Rxf2 38. Raxd5 Rcc2
39. Ra5 Rb2+ 40. Ka1 Kf5 41. Rxa7 e4 42. Re1 Rbe2 43. Ra5+ Kf4 44. Rxe2 Rxe2
45. Rxh5 e3 46. Rh8 Rf2 47. a4 e2 48. Re8 Rf1+ 49. Kb2 e1=Q 50. Rxe1 Rxe1 51.
a5 Ke5 52. a6 Kd6 0-1

[Event "XtraCon-Skakligaen"]
[Site "Denmark"]
[Date "2009.11.07"]
[Round "1.8"]
[White "Ochsner, Bjorn Moller"]
[Black "Andersen, Arne"]
[Result "1/2-1/2"]
[WhiteElo "2155"]
[BlackElo "2075"]
[PlyCount "66"]
[EventDate "2009.11.07"]
[EventType "team-tourn"]
[EventRounds "9"]
[WhiteTeam "Aarhus/skolerne"]
[BlackTeam "Sydostfyn"]
[WhiteTeamCountry "DEN"]
[BlackTeamCountry "DEN"]

1. e4 c6 2. d4 d5 3. Nc3 dxe4 4. Nxe4 Bf5 5. Ng3 Bg6 6. h4 h6 7. Nf3 e6 8. Ne5
Ne7 9. Nxg6 Nxg6 10. h5 Ne7 11. Be2 Nd5 12. Bf3 Nd7 13. Bd2 N7b6 14. Qe2 Be7
15. Ne4 Qc7 16. g3 Nd7 17. c4 N5f6 18. Bc3 Nxe4 19. Bxe4 Bf6 20. Rd1 O-O 21.
Bc2 Rfe8 22. O-O c5 23. Qe4 Nf8 24. b4 cxd4 25. Bxd4 Bxd4 26. Rxd4 Rad8 27.
Rfd1 Rxd4 28. Qxd4 b6 29. Ba4 Rc8 30. Bb5 Qe7 31. Ba6 Rc7 32. Qf4 e5 33. Qf5
Qxb4 1/2-1/2

[Event "XtraCon-Skakligaen"]
[Site "Denmark"]
[Date "2009.11.07"]
[Round "1.1"]
[White "Aabling Thomsen, Jakob"]
[Black "Hector, Jonny"]
[Result "0-1"]
[WhiteElo "2312"]
[BlackElo "2572"]
[PlyCount "102"]
[EventDate "2009.11.07"]
[EventType "team-tourn"]
[EventRounds "9"]
[WhiteTeam "Norresundby"]
[BlackTeam "Nordkalotten"]
[WhiteTeamCountry "DEN"]
[BlackTeamCountry "DEN"]

1. e4 e5 2. Nf3 Nc6 3. Bc4 Nf6 4. d3 Be7 5. O-O O-O 6. Re1 d6 7. c3 Na5 8. Bb5
Bd7 9. Bxd7 Qxd7 10. d4 Nc6 11. Bg5 Rfe8 12. Nbd2 h6 13. Bh4 Nh5 14. d5 Nb8 15.
Nxe5 dxe5 16. Qxh5 Bf8 17. Qf3 a5 18. Nc4 Ra6 19. Bg3 f6 20. a4 Qf7 21. Ne3 Nd7
22. Qd1 Bc5 23. Qc2 g6 24. Nc4 Bf8 25. f3 Bg7 26. b4 b6 27. Rab1 f5 28. bxa5
bxa5 29. Rb5 fxe4 30. fxe4 Rf6 31. Nxa5 h5 32. Rbb1 g5 33. Bf2 Rf8 34. Be3 g4
35. Qe2 Qg6 36. Bd2 Rf2 37. Qxf2 Rxf2 38. Kxf2 Nc5 39. Nc6 Bf8 40. Rb8 Kg7 41.
Kg1 Nd3 42. Re2 Bc5+ 43. Kh1 Qf6 44. Rb1 Nf2+ 45. Rxf2 Qxf2 46. Nd8 Kg6 47. Ne6
Be7 48. c4 Qxd2 49. c5 h4 50. d6 cxd6 51. c6 Qc2 0-1

[Event "XtraCon-Skakligaen"]
[Site "Denmark"]
[Date "2009.11.07"]
[Round "1.2"]
[White "Brynell, Stellan"]
[Black "Andreasen, Per Naesby"]
[Result "1-0"]
[WhiteElo "2472"]
[BlackElo "2230"]
[PlyCount "83"]
[EventDate "2009.11.07"]
[EventType "team-tourn"]
[EventRounds "9"]
[WhiteTeam "Nordkalotten"]
[BlackTeam "Norresundby"]
[WhiteTeamCountry "DEN"]
[BlackTeamCountry "DEN"]

1. e4 g6 2. d4 Bg7 3. Nf3 d6 4. Bc4 Nf6 5. Qe2 O-O 6. e5 Ne8 7. h3 c5 8. c3
cxd4 9. cxd4 dxe5 10. dxe5 Nc7 11. O-O Be6 12. Nc3 Bxc4 13. Qxc4 Nc6 14. Re1
Ne6 15. Qh4 Qa5 16. Bd2 Rad8 17. Ne4 Qd5 18. Bc3 b5 19. b3 b4 20. Bb2 Qb5 21.
Rac1 Rd5 22. Ned2 Rfd8 23. Nc4 a5 24. Ne3 Rd3 25. Qe4 Ncd4 26. Nxd4 Nxd4 27.
Rc7 Qxe5 28. Qxe5 Bxe5 29. Rxe7 Nf3+ 30. gxf3 Bxb2 31. Ra7 Bd4 32. Rxa5 Bxe3
33. Rxe3 Rd1+ 34. Kg2 R8d2 35. Re7 Ra1 36. Ra8+ Kg7 37. Raa7 Raxa2 38. Rxf7+
Kg8 39. Rg7+ Kf8 40. Raf7+ Ke8 41. Rxh7 Rxf2+ 42. Kg3 1-0

[Event "XtraCon-Skakligaen"]
[Site "Denmark"]
[Date "2009.11.07"]
[Round "1.3"]
[White "Sorensen, Bent"]
[Black "Ahlander, Bjorn"]
[Result "0-1"]
[WhiteElo "2240"]
[BlackElo "2419"]
[PlyCount "84"]
[EventDate "2009.11.07"]
[EventType "team-tourn"]
[EventRounds "9"]
[WhiteTeam "Norresundby"]
[BlackTeam "Nordkalotten"]
[WhiteTeamCountry "DEN"]
[BlackTeamCountry "DEN"]

1. Nf3 Nf6 2. g3 d5 3. Bg2 e6 4. O-O Be7 5. b3 c5 6. c4 Nc6 7. e3 O-O 8. Bb2 b6
9. Qe2 Ba6 10. d3 b5 11. cxb5 Bxb5 12. Rd1 Rc8 13. Nc3 Ba6 14. Rac1 Qa5 15. Na4
c4 16. dxc4 dxc4 17. Bf1 Nb4 18. Qe1 Qh5 19. Ne5 Nxa2 20. Ra1 Nb4 21. Be2 Qh3
22. bxc4 Bb7 23. Bf1 Qf5 24. Qe2 h5 25. f3 Nc6 26. e4 Qh7 27. Nd3 Rfd8 28. Ndc5
Ba8 29. Qe3 Qg6 30. e5 Nh7 31. Bd3 Qg5 32. Qe4 Qh6 33. Bc1 Nd4 34. Bxh6 Bxe4
35. Bxe4 gxh6 36. Nb7 Rd7 37. c5 Ng5 38. c6 Ndxf3+ 39. Bxf3 Nxf3+ 40. Kf2 Rxd1
41. Rxd1 Nxe5 42. Na5 Bb4 0-1

[Event "XtraCon-Skakligaen"]
[Site "Denmark"]
[Date "2009.11.07"]
[Round "1.4"]
[White "Hove, Esben Kjems"]
[Black "Kolbak, Jens"]
[Result "1/2-1/2"]
[WhiteElo "2269"]
[BlackElo "2344"]
[PlyCount "125"]
[EventDate "2009.11.07"]
[EventType "team-tourn"]
[EventRounds "9"]
[WhiteTeam "Nordkalotten"]
[BlackTeam "Norresundby"]
[WhiteTeamCountry "DEN"]
[BlackTeamCountry "DEN"]

1. d4 c6 2. c4 d6 3. Nf3 Nf6 4. Nc3 Bg4 5. Bg5 Nbd7 6. e3 e5 7. Be2 Be7 8. O-O
O-O 9. Qc2 Re8 10. Rfd1 Qc7 11. Bh4 Bf8 12. Bg3 Rad8 13. h3 Bh5 14. b4 Bg6 15.
Qb3 exd4 16. Nxd4 Ne5 17. Bh4 Ned7 18. Rac1 Ra8 19. a3 a5 20. Bg3 axb4 21. axb4
Qb6 22. Ra1 h6 23. Na4 Qd8 24. Nc3 Qb6 25. Ra3 Rxa3 26. Qxa3 Ne4 27. Nxe4 Bxe4
28. Ra1 c5 29. bxc5 Nxc5 30. Nb5 Rd8 31. Rd1 Be7 32. f3 Bf5 33. Bf2 Bd7 34. Nc3
Bc6 35. e4 Rc8 36. Rb1 Qd8 37. Nd5 Bxd5 38. exd5 Ra8 39. Qb4 Rb8 40. Qb5 Qc7
41. Qb6 Qd7 42. Bf1 Bd8 43. Qb5 Qxb5 44. Rxb5 b6 45. Rb1 Ra8 46. Bd4 Kf8 47.
Ra1 Rxa1 48. Bxa1 f5 49. f4 Kf7 50. Bd4 Bf6 51. Be3 g5 52. g3 Kg6 53. Be2 Bc3
54. Kg2 Kf6 55. Bd1 Bb2 56. Bc2 g4 57. hxg4 fxg4 58. Kf2 h5 59. Ke2 Bc3 60. Bf2
Kf7 61. Bf5 Kf6 62. Bh7 Kg7 63. Bc2 1/2-1/2

[Event "XtraCon-Skakligaen"]
[Site "Denmark"]
[Date "2009.11.07"]
[Round "1.5"]
[White "Christiansen, Jens Jorgen"]
[Black "Nielsen, Lars Aaes"]
[Result "1/2-1/2"]
[WhiteElo "2197"]
[BlackElo "2248"]
[PlyCount "103"]
[EventDate "2009.11.07"]
[EventType "team-tourn"]
[EventRounds "9"]
[WhiteTeam "Norresundby"]
[BlackTeam "Nordkalotten"]
[WhiteTeamCountry "DEN"]
[BlackTeamCountry "DEN"]

1. d4 e6 2. c4 b6 3. Nf3 Bb7 4. a3 Nf6 5. Nc3 d5 6. Qc2 Bd6 7. cxd5 exd5 8. Bg5
h6 9. Bh4 O-O 10. e3 Re8 11. Bd3 c5 12. O-O c4 13. Bh7+ Kh8 14. Nb5 Nc6 15.
Nxd6 Qxd6 16. Bg3 Qe7 17. Bf5 g6 18. Bh3 Ne4 19. Ne5 Nxe5 20. Bxe5+ f6 21. Bf4
g5 22. Bg3 h5 23. f3 Nxg3 24. hxg3 Qxe3+ 25. Kh2 Qd3 26. Qa4 Re7 27. Rfe1 Qh7
28. Bf5 Qf7 29. Qb4 Ree8 30. Qd6 Rad8 31. Be6 Qe7 32. Qb4 Qc7 33. Qd2 h4 34. f4
hxg3+ 35. Kxg3 Kg7 36. Kf3 Qxf4+ 37. Qxf4 gxf4 38. Kxf4 Re7 39. Re3 Rh8 40.
Rg3+ Kf8 41. Rh1 Reh7 42. Rxh7 Rxh7 43. Rg8+ Ke7 44. Bf5 Rh4+ 45. g4 Bc6 46.
Rg7+ Kd6 47. Rf7 Rh6 48. Rxa7 Rh2 49. Rf7 Rxb2 50. Rxf6+ Kc7 51. Rf7+ Kd6 52.
Rf6+ 1/2-1/2

[Event "XtraCon-Skakligaen"]
[Site "Denmark"]
[Date "2009.11.07"]
[Round "1.6"]
[White "Jakobsen, Peter"]
[Black "Nielsen, John Bauneborg"]
[Result "1-0"]
[WhiteElo "2225"]
[BlackElo "2171"]
[PlyCount "65"]
[EventDate "2009.11.07"]
[EventType "team-tourn"]
[EventRounds "9"]
[WhiteTeam "Nordkalotten"]
[BlackTeam "Norresundby"]
[WhiteTeamCountry "DEN"]
[BlackTeamCountry "DEN"]

1. e4 c5 2. Nf3 Nc6 3. d4 cxd4 4. Nxd4 e5 5. Nb5 d6 6. N1c3 a6 7. Na3 b5 8. Nd5
Nce7 9. c4 Nxd5 10. exd5 b4 11. Nc2 a5 12. Be2 Be7 13. O-O f5 14. b3 Nf6 15. a3
bxa3 16. Rxa3 Bb7 17. Bd3 g6 18. f4 O-O 19. Kh1 Nd7 20. Be3 Qc7 21. g4 exf4 22.
Bxf4 g5 23. Bd2 fxg4 24. Rxf8+ Rxf8 25. Qxg4 Ne5 26. Qe4 Bf6 27. Be2 Bc8 28.
Nd4 Qf7 29. Ra1 Bh3 30. Rg1 h6 31. Qh4 g4 32. Qxh3 Qg6 33. Bxg4 1-0

[Event "XtraCon-Skakligaen"]
[Site "Denmark"]
[Date "2009.11.07"]
[Round "1.7"]
[White "Nielsen, Tommy"]
[Black "Koch, Soren Andreas"]
[Result "1-0"]
[WhiteElo "2168"]
[BlackElo "2189"]
[PlyCount "125"]
[EventDate "2009.11.07"]
[EventType "team-tourn"]
[EventRounds "9"]
[WhiteTeam "Norresundby"]
[BlackTeam "Nordkalotten"]
[WhiteTeamCountry "DEN"]
[BlackTeamCountry "DEN"]

1. e4 e5 2. Bc4 Nf6 3. d3 Nc6 4. Nf3 Bc5 5. Nc3 h6 6. Be3 Bxe3 7. fxe3 d6 8.
O-O O-O 9. Qe1 Be6 10. Nd5 Bxd5 11. Bxd5 Nxd5 12. exd5 Ne7 13. c4 c6 14. dxc6
bxc6 15. Qc3 Rb8 16. Rf2 Qb6 17. c5 Qxc5 18. Qxc5 dxc5 19. Nxe5 Rbd8 20. Rd1
Rd5 21. Nc4 Rfd8 22. Rfd2 Rh5 23. e4 Ng6 24. b3 Ne5 25. h3 Ng6 26. Rf1 Ne5 27.
Nxe5 Rxe5 28. Rff2 f6 29. Kf1 Kf7 30. Ke2 Ke6 31. Rc2 Rd4 32. Rf1 Rg5 33. g4
Re5 34. Rf5 Kd6 35. Rxe5 fxe5 36. Ke3 a5 37. Rf2 a4 38. Kd2 axb3 39. axb3 Rb4
40. Kc3 Rb7 41. Rf8 Ra7 42. Rd8+ Ke7 43. Rc8 Kd6 44. Rf8 Ke7 45. Rf5 Kd6 46. g5
hxg5 47. Rxg5 Rf7 48. h4 Rf1 49. Rxg7 Rh1 50. Rh7 Rh2 51. h5 Rh1 52. h6 Rh2 53.
Rh8 Kc7 54. h7 Kb7 55. b4 cxb4+ 56. Kxb4 Rh6 57. Kc5 Ka7 58. d4 exd4 59. Kxd4
Rh5 60. e5 Kb7 61. e6 Rh1 62. e7 Rd1+ 63. Kc3 1-0

[Event "XtraCon-Skakligaen"]
[Site "Denmark"]
[Date "2010.01.30"]
[Round "1.1"]
[White "Semcesen, Daniel"]
[Black "Antonsen, Mikkel"]
[Result "1/2-1/2"]
[WhiteElo "2460"]
[BlackElo "2439"]
[PlyCount "100"]
[EventDate "2009.11.07"]
[EventType "team-tourn"]
[EventRounds "9"]
[WhiteTeam "K41"]
[BlackTeam "Naestved"]
[WhiteTeamCountry "DEN"]
[BlackTeamCountry "DEN"]

1. c4 Nf6 2. Nc3 g6 3. e4 d6 4. d4 Bg7 5. h3 O-O 6. Nf3 e5 7. dxe5 dxe5 8. Be3
Qe7 9. Nd5 Nxd5 10. cxd5 Qb4+ 11. Nd2 c6 12. Qc2 Qa5 13. Bc4 b5 14. b4 Qd8 15.
Bb3 Bb7 16. Bc5 Re8 17. d6 a5 18. bxa5 Nd7 19. Rd1 Bf8 20. Nf3 Qxa5+ 21. Kf1
Qd8 22. h4 h6 23. Rh3 Kg7 24. h5 g5 25. Nh2 Bc8 26. Rf3 f6 27. Kg1 Ra6 28. Rfd3
Nxc5 29. Qxc5 Bd7 30. Nf1 Qb6 31. Qc2 c5 32. Bd5 c4 33. R3d2 Qc5 34. Ne3 Rd8
35. Kh2 Rxd6 36. a4 c3 37. axb5 Bxb5 38. Rd3 Bxd3 39. Rxd3 Rc8 40. Nd1 Qb4 41.
Rxc3 Rxc3 42. Nxc3 Qc5 43. Qa2 Rd7 44. Qa4 Qc7 45. Be6 Re7 46. Nd5 Qa7 47. Qxa7
Rxa7 48. Ne3 Bc5 49. Nf5+ Kh7 50. f3 Rc7 1/2-1/2

[Event "XtraCon-Skakligaen"]
[Site "Denmark"]
[Date "2010.01.30"]
[Round "1.2"]
[White "Olsen, Nils Linde"]
[Black "Lund, Silas"]
[Result "0-1"]
[WhiteElo "2256"]
[BlackElo "2411"]
[PlyCount "62"]
[EventDate "2009.11.07"]
[EventType "team-tourn"]
[EventRounds "9"]
[WhiteTeam "Naestved"]
[BlackTeam "K41"]
[WhiteTeamCountry "DEN"]
[BlackTeamCountry "DEN"]

1. d4 Nf6 2. c4 e6 3. Nf3 c5 4. d5 b5 5. Bg5 Qa5+ 6. Qd2 Qxd2+ 7. Nbxd2 bxc4 8.
e4 Bb7 9. dxe6 fxe6 10. e5 h6 11. Be3 Nd5 12. Nxc4 Nxe3 13. fxe3 Be7 14. Be2
O-O 15. O-O Bd5 16. Nd6 Nc6 17. e4 Bxd6 18. exd5 Nxe5 19. Rad1 Nxf3+ 20. Bxf3
e5 21. Bg4 Rfd8 22. Rf3 Rab8 23. b3 Rb4 24. Bf5 c4 25. bxc4 Rxc4 26. Rb3 e4 27.
g4 Bc5+ 28. Kh1 e3 29. Kg2 g6 30. Bd3 Rxg4+ 31. Kf3 h5 0-1

[Event "XtraCon-Skakligaen"]
[Site "Denmark"]
[Date "2010.01.30"]
[Round "1.4"]
[White "Schyberg, Brian"]
[Black "Greger, Roland Reinhard"]
[Result "0-1"]
[WhiteElo "2126"]
[BlackElo "2382"]
[PlyCount "78"]
[EventDate "2009.11.07"]
[EventType "team-tourn"]
[EventRounds "9"]
[WhiteTeam "Naestved"]
[BlackTeam "K41"]
[WhiteTeamCountry "DEN"]
[BlackTeamCountry "DEN"]

1. d4 Nf6 2. Nf3 e6 3. g3 d5 4. Bg2 Be7 5. O-O O-O 6. c4 dxc4 7. Qa4 a6 8. Qxc4
b5 9. Qc2 Bb7 10. Bd2 Nc6 11. Rd1 Rc8 12. a3 Nb8 13. Ba5 Qe8 14. Bc3 c5 15.
dxc5 Bxc5 16. Nbd2 Ng4 17. e3 f5 18. Nb3 Qh5 19. Nxc5 Bxf3 20. Bxf3 Qxh2+ 21.
Kf1 Nxe3+ 22. fxe3 Qxc2 23. Nxe6 Rxc3 24. bxc3 Re8 25. Rac1 Qh2 26. Bd5 Kh8 27.
c4 bxc4 28. Rxc4 Qxg3 29. Rdc1 h5 30. Rc8 Rxc8 31. Rxc8+ Kh7 32. Rc7 Qxe3 33.
Bc4 Kh6 34. Rc8 Nd7 35. Rh8+ Kg6 36. Rc8 Nb6 37. Nf8+ Kg5 38. Ne6+ Kh4 39. Nxg7
Qf4+ 0-1

[Event "XtraCon-Skakligaen"]
[Site "Denmark"]
[Date "2010.01.30"]
[Round "1.5"]
[White "Rasmussen, Casper Dahl"]
[Black "Hansen, Martin"]
[Result "1-0"]
[WhiteElo "2373"]
[BlackElo "2082"]
[PlyCount "83"]
[EventDate "2009.11.07"]
[EventType "team-tourn"]
[EventRounds "9"]
[WhiteTeam "K41"]
[BlackTeam "Naestved"]
[WhiteTeamCountry "DEN"]
[BlackTeamCountry "DEN"]

1. Nf3 d5 2. d4 Nf6 3. e3 c6 4. Bd3 Bg4 5. Nbd2 e6 6. h3 Bh5 7. b3 Nbd7 8. Bb2
Bd6 9. g4 Bg6 10. Ne5 Bxd3 11. cxd3 Ng8 12. f4 f6 13. Nxd7 Qxd7 14. Qf3 Qc7 15.
Ke2 O-O-O 16. a3 Rf8 17. b4 e5 18. f5 Re8 19. Rac1 Kb8 20. b5 Qb6 21. bxc6 e4
22. dxe4 Qb5+ 23. Kd1 Qxb2 24. e5 Bxa3 25. Rb1 Qa2 26. Rxb7+ Ka8 27. Rb3 Ne7
28. e4 Bb2 29. exd5 Qa4 30. c7 Bxd4 31. d6+ Nc6 32. e6 Bb6 33. d7 Qa1+ 34. Kc2
Qa2+ 35. Kd3 Qa6+ 36. Nc4 Bxc7 37. Ra1 Rb8 38. Rxb8+ Rxb8 39. Rxa6 Rb3+ 40. Ke2
Rxf3 41. Rxc6 Kb7 42. Rxc7+ 1-0

[Event "XtraCon-Skakligaen"]
[Site "Denmark"]
[Date "2010.01.30"]
[Round "1.6"]
[White "Pedersen, Dimon Paul"]
[Black "Nilsson, Sebastian"]
[Result "0-1"]
[WhiteElo "2085"]
[BlackElo "2312"]
[PlyCount "92"]
[EventDate "2009.11.07"]
[EventType "team-tourn"]
[EventRounds "9"]
[WhiteTeam "Naestved"]
[BlackTeam "K41"]
[WhiteTeamCountry "DEN"]
[BlackTeamCountry "DEN"]

1. c4 g6 2. g3 Bg7 3. Bg2 d6 4. Nc3 Nf6 5. d3 O-O 6. e4 c5 7. Nge2 Nc6 8. O-O
a6 9. Rb1 Rb8 10. a3 b5 11. cxb5 axb5 12. b4 cxb4 13. axb4 Bg4 14. h3 Bxe2 15.
Nxe2 d5 16. Bg5 dxe4 17. dxe4 Nd7 18. Be3 Nde5 19. Nf4 Nc4 20. Qc1 Nxe3 21.
Qxe3 Bd4 22. Qb3 Qb6 23. Rbc1 Rfc8 24. Nd3 Qa7 25. h4 Rc7 26. Bh3 Bb6 27. Ra1
Qb7 28. Nf4 Nd4 29. Qd5 e6 30. Qxb7 Rbxb7 31. Bg2 Rc2 32. h5 Kg7 33. e5 Rd7 34.
hxg6 hxg6 35. Be4 Rd2 36. Kg2 Nc2 37. Bxc2 Rxc2 38. Rac1 Rxc1 39. Rxc1 Rd2 40.
Nh3 Rb2 41. Rc6 Bd4 42. Rc7 g5 43. Nxg5 Rxf2+ 44. Kh3 Kg6 45. Kg4 Bxe5 46. Rc5
Bd4 0-1

[Event "XtraCon-Skakligaen"]
[Site "Denmark"]
[Date "2009.11.07"]
[Round "1.2"]
[White "Matthiesen, Martin"]
[Black "Hjorth, Torben"]
[Result "1-0"]
[WhiteElo "2295"]
[BlackElo "2165"]
[PlyCount "113"]
[EventDate "2009.11.07"]
[EventType "team-tourn"]
[EventRounds "9"]
[WhiteTeam "SK1968"]
[BlackTeam "Aalborg"]
[WhiteTeamCountry "DEN"]
[BlackTeamCountry "DEN"]

1. d4 Nc6 2. d5 Ne5 3. f4 Ng6 4. e4 e6 5. dxe6 fxe6 6. Nf3 Bc5 7. Bd3 Nh6 8. g3
O-O 9. Qe2 b6 10. Nc3 Bb7 11. Bd2 a6 12. Rf1 b5 13. e5 Bxf3 14. Rxf3 Nf5 15.
Rf1 Bb4 16. O-O-O Bxc3 17. Bxc3 c5 18. Be4 b4 19. Bd2 Qa5 20. Qc4 Rab8 21. Kb1
Kh8 22. Bxf5 Rxf5 23. Be3 Ne7 24. Rxd7 Nd5 25. Qxc5 Qa4 26. Rb7 Rff8 27. Rxb8
Rxb8 28. Bd4 h6 29. f5 Nc3+ 30. Bxc3 bxc3 31. Qxc3 Qb5 32. Rf2 Qb6 33. Re2 exf5
34. b3 Qe6 35. Qd4 Re8 36. Kb2 g5 37. c4 Re7 38. Qd5 Kg7 39. Kc3 Qb6 40. e6 Kg6
41. Kb2 a5 42. Qe5 a4 43. c5 Qa6 44. Rf2 Qd3 45. c6 a3+ 46. Kxa3 Qb1 47. Qc5
Rxe6 48. Rc2 Qf1 49. c7 Qa6+ 50. Kb2 Qc8 51. Rd2 Re8 52. Qc6+ Kh5 53. Qf3+ g4
54. Qc6 Re6 55. Qd7 Qxd7 56. Rxd7 Rc6 57. b4 1-0

[Event "XtraCon-Skakligaen"]
[Site "Denmark"]
[Date "2009.11.07"]
[Round "1.3"]
[White "Nielsen, Jorgen G"]
[Black "Lindfeldt, Jan Magnus"]
[Result "1/2-1/2"]
[WhiteElo "2171"]
[BlackElo "2237"]
[PlyCount "83"]
[EventDate "2009.11.07"]
[EventType "team-tourn"]
[EventRounds "9"]
[WhiteTeam "Aalborg"]
[BlackTeam "SK1968"]
[WhiteTeamCountry "DEN"]
[BlackTeamCountry "DEN"]

1. e4 g6 2. d4 Bg7 3. c3 d6 4. f4 Nf6 5. Bd3 O-O 6. Nf3 c5 7. dxc5 dxc5 8. O-O
a6 9. e5 Nd5 10. Be4 Nc7 11. Qxd8 Rxd8 12. Be3 Nd7 13. Rd1 Re8 14. Na3 Rb8 15.
Nc4 f5 16. Bc2 h6 17. a4 b6 18. h4 Nf8 19. a5 b5 20. Nb6 Nce6 21. Nxc8 Rexc8
22. g3 h5 23. Rd2 Bh6 24. Kf2 Kf7 25. Bd1 Rd8 26. Be2 Rxd2 27. Nxd2 Rc8 28. Bf3
Nd8 29. Nb3 Nfe6 30. Bd5 Ke8 31. Rd1 c4 32. Nd4 Nc5 33. Rb1 e6 34. Bf3 Bf8 35.
Nc2 Nd3+ 36. Ke2 Bc5 37. Bxc5 Rxc5 38. Ke3 Rc7 39. b4 cxb3 40. Kxd3 bxc2 41.
Kxc2 Nc6 42. Bxc6+ 1/2-1/2

[Event "XtraCon-Skakligaen"]
[Site "Denmark"]
[Date "2009.11.07"]
[Round "1.4"]
[White "Hansen, Lars"]
[Black "Nielsen, Finn Winther"]
[Result "1-0"]
[WhiteElo "2209"]
[BlackElo "2028"]
[PlyCount "117"]
[EventDate "2009.11.07"]
[EventType "team-tourn"]
[EventRounds "9"]
[WhiteTeam "SK1968"]
[BlackTeam "Aalborg"]
[WhiteTeamCountry "DEN"]
[BlackTeamCountry "DEN"]

1. e4 e5 2. Nc3 Nf6 3. Bc4 Nc6 4. d3 Be7 5. f4 d6 6. Nf3 a6 7. O-O Bg4 8. h3
Bxf3 9. Qxf3 Nd4 10. Qd1 b5 11. Bb3 O-O 12. Ne2 Nxb3 13. axb3 c5 14. Ng3 g6 15.
fxe5 dxe5 16. Bh6 Re8 17. Qf3 a5 18. Rf2 Ra6 19. Raf1 c4 20. bxc4 bxc4 21. Rd2
Qb6+ 22. d4 Qxb2 23. c3 Qb6 24. Be3 Qc7 25. Rdf2 Bd8 26. dxe5 Qxe5 27. Bd4 Qc7
28. e5 Rxe5 29. Bxe5 Qxe5 30. Re2 Qc7 31. Kh1 Rd6 32. Ne4 Nxe4 33. Rxe4 Rf6 34.
Rf4 Rxf4 35. Qxf4 Qd7 36. Qxc4 Bc7 37. Qd4 Qe6 38. c4 a4 39. Qd5 Qe7 40. c5 a3
41. Qa8+ Kg7 42. Qxa3 Qg5 43. Qc3+ Be5 44. Qf3 f5 45. c6 Bc7 46. Re1 Kh6 47.
Qe3 Bf4 48. h4 Qg4 49. Qf3 Qxh4+ 50. Qh3 Kh5 51. Qxh4+ Kxh4 52. Re7 h5 53. c7
Bxc7 54. Rxc7 g5 55. Kg1 f4 56. Kf2 Kg4 57. Rc3 Kf5 58. g3 fxg3+ 59. Kxg3 1-0